[Event "Aragon-chT Preferente Descenso"]
[Site "Aragon"]
[Date "2018.04.07"]
[Round "10.28"]
[White "Buil Rello, Jose Antonio"]
[Black "Merin Flores, Miguel Angel"]
[Result "1/2-1/2"]
[WhiteElo "1761"]
[BlackElo "1737"]
[PlyCount "89"]
[EventDate "2018.04.07"]
[EventType "team-match"]
[EventRounds "10"]
[EventCountry "ESP"]
[SourceTitle "EXT 2019"]
[Source "ChessBase"]
[SourceDate "2018.10.10"]
[SourceVersion "1"]
[SourceVersionDate "2018.10.10"]
[SourceQuality "1"]
[WhiteTeam "Jaime Casas II"]
[BlackTeam "Ejea"]
[WhiteTeamCountry "ESP"]
[BlackTeamCountry "ESP"]

1. e4 d6 2. d4 Nd7 3. c4 e5 4. Be3 Ngf6 5. f3 Be7 6. Bd3 0-0 7. Ne2 Re8 8. Nbc3 Nf8 9. Qc2 exd4 10. Nxd4 Ng6 11. 0-0 Ne5 12. Be2 Bf8 13. b3 Bd7 14. Rac1 c6 15. Rfd1 a6 16. a4 h6 17. Ra1 Qc8 18. a5 Kh7 19. Na4 Qd8 20. Nb6 Rb8 21. Rac1 c5 22. Nxd7 Qxd7 23. Nf5 Rbd8 24. Qc3 Qc7 25. Bf4 g6 26. Ng3 Bg7 27. Qe1 Nfd7 28. Rd5 Nf6 29. Rdd1 Nfd7 30. b4 cxb4 31. Qxb4 Nc5 32. Be3 Rc8 33. Qa3 Qe7 34. Rd5 h5 35. Rcd1 h4 36. Nh1 Red8 37. Nf2 f6 38. Qb4 Bf8 39. Rb1 Rd7 40. Rbd1 Qd8 41. Qa3 Rc6 42. f4 Nf7 43. Bg4 Rdc7 44. Be2 Qe7 45. Bf3 1/2-1/2

[Event "Aragon-chT Preferente Gr I "]
[Site "Aragon"]
[Date "2018.01.27"]
[Round "1.43"]
[White "Buil Rello, Jose Antonio"]
[Black "Labrador Postigo, Francisco Manuel"]
[Result "1-0"]
[WhiteElo "1761"]
[BlackElo "1901"]
[PlyCount "98"]
[EventDate "2018.01.27"]
[EventType "team-tourn"]
[EventRounds "9"]
[EventCountry "ESP"]
[SourceTitle "EXT 2019"]
[Source "ChessBase"]
[SourceDate "2018.10.10"]
[SourceVersion "1"]
[SourceVersionDate "2018.10.10"]
[SourceQuality "1"]
[WhiteTeam "Jaime Casas II"]
[BlackTeam "El Olivar III"]
[WhiteTeamCountry "ESP"]
[BlackTeamCountry "ESP"]

1. e4 c5 2. Nf3 d6 3. d4 cxd4 4. Nxd4 Nf6 5. f3 a6 6. c4 e6 7. Be3 b6 8. Nc3 Bb7 9. Be2 Be7 10. 0-0 0-0 11. Qd2 Nbd7 12. Rfd1 Qc7 13. Rac1 Rac8 14. b3 Qb8 15. Bf4 Ne5 16. Nc2 Rfd8 17. Be3 d5 18. exd5 exd5 19. Bxb6 Bc5+ 20. Bxc5 Rxc5 21. Na4 Rcc8 22. c5 d4 23. Bd3 Bxf3 24. Rf1 Ba8 25. Bf5 Neg4 26. Qf4 Qb7 27. Qg3 Qxg2+ 28. Qxg2 Bxg2 29. Bxc8 Bxf1 30. Rxf1 d3 31. Rd1 Rxc8 32. Rxd3 h5 33. b4 Re8 34. Nc3 Ne4 35. Nxe4 Rxe4 36. h3 Ne5 37. Re3 Rxe3 38. Nxe3 Nc6 39. Nc2 Kf8 40. a4 Ke7 41. b5 axb5 42. axb5 Na7 43. Nd4 Kd7 44. Kf2 g5 45. Kf3 f5 46. b6 g4+ 47. Kf4 Nc6 48. b7 Nb8 49. h4 Kc7 1-0

[Event "Huesca Province-ch"]
[Site "Sabinanigo"]
[Date "2016.11.26"]
[Round "7"]
[White "Buil Rello, Jose Antonio"]
[Black "Cabos Vidal, Esteban"]
[Result "1-0"]
[WhiteElo "1814"]
[BlackElo "1497"]
[PlyCount "117"]
[EventDate "2016.10.15"]
[EventType "swiss"]
[EventRounds "7"]
[EventCountry "ESP"]
[SourceTitle "EXT 2018"]
[Source "ChessBase"]
[SourceDate "2017.10.13"]
[SourceVersion "1"]
[SourceVersionDate "2017.10.13"]
[SourceQuality "1"]

1. e4 c5 2. Nf3 Nc6 3. d4 e6 4. c4 cxd4 5. Nxd4 Bb4+ 6. Bd2 Bc5 7. Nb3 Bd4 8. Nxd4 Nxd4 9. e5 b6 10. Qa4 h6 11. Nc3 Nf5 12. Bd3 Nge7 13. Ne4 Bb7 14. g4 Bxe4 15. Bxe4 Nd4 16. Bxa8 Qxa8 17. 0-0-0 0-0 18. Be3 Ne2+ 19. Kd2 Qf3 20. Qxd7 Ng6 21. Qd3 Nef4 22. Bxf4 Qxf4+ 23. Qe3 Qxc4 24. b3 Qb4+ 25. Kc2 a5 26. f3 a4 27. Rhe1 axb3+ 28. axb3 Ra8 29. Ra1 Rc8+ 30. Kb2 Ne7 31. Ra4 Qb5 32. Qe4 Nd5 33. Rc4 Rxc4 34. Qxc4 Qa5 35. Rd1 Qa8 36. Rc1 Qa5 37. Qe4 g6 38. h4 Kg7 39. Rc4 Qd2+ 40. Rc2 Qa5 41. f4 b5 42. f5 b4 43. fxe6 Nc3 44. Rxc3 bxc3+ 45. Kc2 fxe6 46. h5 gxh5 47. gxh5 Qa2+ 48. Kxc3 Qa5+ 49. b4 Qa3+ 50. Kc4 Qc1+ 51. Kb5 Qf1+ 52. Kb6 Qf2+ 53. Kc6 Qf5 54. Qxf5 exf5 55. Kd5 Kf7 56. b5 Ke7 57. b6 Kd7 58. e6+ Kd8 59. Ke5 1-0

[Event "Aragon-chT Preferente A"]
[Site "Aragon"]
[Date "2015.02.14"]
[Round "4.51"]
[White "Sanchez Perez, Carlos"]
[Black "Buil Rello, Jose Antonio"]
[Result "1-0"]
[WhiteElo "1499"]
[BlackElo "1921"]
[PlyCount "79"]
[EventDate "2015.01.24"]
[EventType "team-tourn"]
[EventRounds "11"]
[EventCountry "ESP"]
[SourceTitle "EXT 2017"]
[Source "ChessBase"]
[SourceDate "2016.10.25"]
[SourceVersion "1"]
[SourceVersionDate "2016.10.25"]
[SourceQuality "1"]
[WhiteTeam "Delicias II"]
[BlackTeam "Jaime Casas II"]
[WhiteTeamCountry "ESP"]
[BlackTeamCountry "ESP"]

1. e4 c5 2. Bc4 e6 3. Nc3 a6 4. a4 b6 5. d3 Nc6 6. Bf4 Nge7 7. Qe2 Ng6 8. Bg3 Nd4 9. Qd2 Be7 10. Nge2 Nc6 11. 0-0 d6 12. f4 0-0 13. Bf2 Bf6 14. d4 cxd4 15. Nxd4 Qc7 16. Nde2 Rd8 17. Bd3 Na5 18. b3 Rb8 19. g4 h6 20. Rae1 Nc6 21. Nd1 a5 22. c3 Qe7 23. Ng3 Nh4 24. Be3 e5 25. g5 exf4 26. gxf6 Qe6 27. Rxf4 Ng6 28. Rff1 Nce5 29. Bc2 Qg4 30. Qg2 Nh4 31. Qe2 Nhf3+ 32. Kh1 Nxe1 33. Qxg4 Bxg4 34. Rxe1 h5 35. Bf4 gxf6 36. Nf5 Kf8 37. Nfe3 Rdc8 38. c4 Rc6 39. Nd5 Ng6 40. Bh6+ 1-0

[Event "Aragon-chT Preferente A"]
[Site "Aragon"]
[Date "2014.03.01"]
[Round "6.44"]
[White "Buil Rello, Jose Antonio"]
[Black "Moreno Antonio, Mario"]
[Result "1/2-1/2"]
[WhiteElo "1907"]
[BlackElo "1805"]
[PlyCount "45"]
[EventDate "2014.01.25"]
[EventType "team-tourn"]
[EventRounds "9"]
[EventCountry "ESP"]
[SourceTitle "EXT 2015"]
[Source "ChessBase"]
[SourceDate "2014.11.20"]
[SourceVersion "1"]
[SourceVersionDate "2014.11.20"]
[SourceQuality "1"]
[WhiteTeam "Jaime Casas II"]
[BlackTeam "Helios II"]
[WhiteTeamCountry "ESP"]
[BlackTeamCountry "ESP"]

1. e4 e6 2. c3 d5 3. e5 c5 4. d3 Nc6 5. f4 b5 6. Nf3 d4 7. g3 Bb7 8. Bg2 Qd7 9. 0-0 h5 10. h3 Nge7 11. Qe2 Na5 12. Rd1 Nf5 13. Kh2 Be7 14. Na3 a6 15. Nc2 Nc6 16. Bd2 g6 17. Be1 Rd8 18. Bf2 Qc7 19. Rac1 dxc3 20. bxc3 Qb8 21. Rb1 Qc7 22. Rbc1 Qb8 23. Rb1 1/2-1/2

[Event "Aragon-chT Preferente A"]
[Site "Aragon"]
[Date "2014.02.15"]
[Round "4.38"]
[White "Buil Rello, Jose Antonio"]
[Black "Del Corral Abancens, Alfonso"]
[Result "0-1"]
[WhiteElo "1907"]
[BlackElo "1895"]
[PlyCount "94"]
[EventDate "2014.01.25"]
[EventType "team-tourn"]
[EventRounds "9"]
[EventCountry "ESP"]
[SourceTitle "EXT 2015"]
[Source "ChessBase"]
[SourceDate "2014.11.20"]
[SourceVersion "1"]
[SourceVersionDate "2014.11.20"]
[SourceQuality "1"]
[WhiteTeam "Jaime Casas II"]
[BlackTeam "Shatranj"]
[WhiteTeamCountry "ESP"]
[BlackTeamCountry "ESP"]

1. e4 c5 2. Nf3 d6 3. d4 cxd4 4. Nxd4 Nf6 5. f3 g6 6. c4 Bg7 7. Nc3 0-0 8. Be3 Nc6 9. Qd2 Nxd4 10. Bxd4 Qa5 11. Rc1 Be6 12. Be2 Rfc8 13. b3 Bd7 14. Be3 a6 15. Nd5 Qxd2+ 16. Kxd2 Nxd5 17. cxd5 Bb2 18. Rc2 Ba3 19. Bd4 Rxc2+ 20. Kxc2 Rc8+ 21. Kb1 b5 22. Rd1 a5 23. Bb2 Bxb2 24. Kxb2 b4 25. Rc1 f5 26. Rxc8+ Bxc8 27. a4 Kf7 28. Kc2 Kf6 29. Bc4 Ke5 30. Kd3 f4 31. Bb5 g5 32. Be8 e6 33. Kc4 Ba6+ 34. Bb5 exd5+ 35. exd5 Bc8 36. Bc6 h5 37. Kb5 Kd4 38. Kxa5 Kc3 39. Kb6 Kxb3 40. Be8 Kc4 41. a5 Kxd5 42. Kb5 b3 43. Bf7+ Be6 44. Bg6 Kd4 45. Kb4 Bc4 46. a6 Bxa6 47. Kxb3 h4 0-1

[Event "Aragon-chT Preferente A"]
[Site "Aragon"]
[Date "2013.02.09"]
[Round "3.34"]
[White "Buil Rello, Jose Antonio"]
[Black "Alonso Blasco, Jose Miguel"]
[Result "1/2-1/2"]
[WhiteElo "1982"]
[BlackElo "2116"]
[PlyCount "72"]
[EventDate "2013.01.26"]
[EventType "team"]
[EventRounds "9"]
[EventCountry "ESP"]
[SourceTitle "EXT 2014"]
[Source "ChessBase"]
[SourceDate "2013.11.20"]
[SourceVersion "1"]
[SourceVersionDate "2013.11.20"]
[SourceQuality "1"]
[WhiteTeam "Jaime Casas II"]
[BlackTeam "Las Fuentes"]
[WhiteTeamCountry "ESP"]
[BlackTeamCountry "ESP"]

1. e4 c6 2. d3 d5 3. e5 d4 4. c3 c5 5. f4 Nc6 6. Nf3 Bf5 7. Na3 e6 8. Nc4 Qd7 9. Na3 dxc3 10. bxc3 0-0-0 11. Nc4 Bxd3 12. Bxd3 Qxd3 13. Nd6+ Rxd6 14. exd6 Qxd1+ 15. Kxd1 Bxd6 16. Kc2 h6 17. g3 Nge7 18. Bb2 Nf5 19. Rhe1 Be7 20. Rad1 Rd8 21. Rxd8+ Bxd8 22. a3 h5 23. Kd3 b5 24. c4 b4 25. Ne5 Nxe5+ 26. Rxe5 Be7 27. Kc2 Bd6 28. Re1 g6 29. Be5 Be7 30. Kb3 Kb7 31. Rd1 Kc6 32. axb4 cxb4 33. Ra1 Kb6 34. Rd1 Kc6 35. Ra1 Kb6 36. Rd1 Kc6 1/2-1/2

[Event "Aragon-chT Preferente B"]
[Site "Aragon"]
[Date "2012.03.24"]
[Round "8.70"]
[White "Buil Rello, Jose Antonio"]
[Black "Carruez Berges, Santiago"]
[Result "0-1"]
[WhiteElo "1966"]
[BlackElo "2117"]
[PlyCount "78"]
[EventDate "2012.02.04"]
[EventType "team"]
[EventRounds "9"]
[EventCountry "ESP"]
[SourceTitle "EXT 2014"]
[Source "ChessBase"]
[SourceDate "2013.11.20"]
[SourceVersion "1"]
[SourceVersionDate "2013.11.20"]
[SourceQuality "1"]
[WhiteTeam "Jaime Casas II"]
[BlackTeam "Agrupacion II"]
[WhiteTeamCountry "ESP"]
[BlackTeamCountry "ESP"]

1. e4 e5 2. Nf3 Nc6 3. d4 exd4 4. Nxd4 Bc5 5. c3 Nf6 6. Nxc6 bxc6 7. Be2 Nxe4 8. 0-0 d5 9. Bd3 0-0 10. Bxe4 dxe4 11. Be3 Bxe3 12. fxe3 Qg5 13. Rf4 Rd8 14. Qe1 Bh3 15. g3 Qd5 16. Na3 Rab8 17. b3 Qd3 18. Nc4 Rd5 19. Nb2 Qd2 20. Rf2 Qxe1+ 21. Rxe1 Rbd8 22. Rc2 f6 23. Nc4 Kf7 24. Kf2 Ke7 25. Ree2 Rd1 26. Re1 R1d5 27. Nb2 Bg4 28. Nc4 Rd3 29. Rec1 R8d5 30. Ke1 Rd1+ 31. Kf2 R5d3 32. Rxd1 Rxd1 33. Nd2 f5 34. Nc4 Rh1 35. Kg2 Bf3+ 36. Kh3 g5 37. Ne5 Rg1 38. Nxc6+ Kd6 39. Nd4 Bg4# 0-1

[Event "Aragon-chT Preferente-B"]
[Site "Spain"]
[Date "2011.02.26"]
[Round "4.3"]
[White "Abos Rosico, Antonio"]
[Black "Buil Rello, Jose Antonio"]
[Result "1/2-1/2"]
[WhiteElo "2073"]
[BlackElo "1955"]
[PlyCount "137"]
[EventDate "2011.02.05"]
[EventType "team-tourn"]
[EventRounds "9"]
[EventCountry "ESP"]
[SourceTitle "EXT 2013"]
[Source "ChessBase"]
[SourceDate "2012.11.22"]
[SourceVersion "1"]
[SourceVersionDate "2012.11.22"]
[SourceQuality "1"]
[WhiteTeam "Casino Jaque"]
[BlackTeam "Jaime Casas II"]
[WhiteTeamCountry "ESP"]
[BlackTeamCountry "ESP"]

1. e4 c5 2. Nf3 e6 3. d4 Qc7 4. Nc3 a6 5. d5 e5 6. a4 d6 7. g3 g6 8. Bg2 Bg7 9. 0-0 Nf6 10. Ng5 h6 11. Nh3 0-0 12. f4 Bxh3 13. Bxh3 exf4 14. gxf4 Qe7 15. Qf3 Nbd7 16. Bd2 Nh7 17. Rae1 Rae8 18. Qg3 Kh8 19. Bg2 b6 20. Qd3 Nb8 21. Kh1 Qc7 22. e5 Nd7 23. e6 Nb8 24. f5 g5 25. Ne4 f6 26. Qg3 Rd8 27. Nxg5 hxg5 28. e7 Nd7 29. exd8Q Rxd8 30. h4 gxh4 31. Qxh4 Ne5 32. Re3 Qf7 33. Rh3 Bf8 34. Bf4 Be7 35. Bxe5 dxe5 36. c4 Rg8 37. Bf3 Qg7 38. Qh6 Qxh6 39. Rxh6 Rg5 40. Rf2 Kg7 41. Rfh2 Nf8 42. R6h5 Rxh5 43. Bxh5 Nh7 44. Bg6 Ng5 45. b3 a5 46. Kg2 Bd6 47. Kf2 Ne4+ 48. Ke3 Ng5 49. Rh1 Kg8 50. Be8 Kg7 51. Rh5 Be7 52. Bd7 Bd6 53. Be6 Nh7 54. Bf7 Ng5 55. Bg6 Kg8 56. Be8 Kg7 57. Bc6 Nh7 58. Kf3 Ng5+ 59. Kg4 Nh7 60. Be8 Ng5 61. Rxg5+ fxg5 62. Kxg5 Be7+ 63. f6+ Bxf6+ 64. Kf5 e4 65. Kxe4 Kf8 66. Kf5 Bd8 67. Bh5 Ke7 68. Ke5 Bc7+ 69. Kf5 1/2-1/2

[Event "Aragon-chT Preferente-B"]
[Site "Spain"]
[Date "2011.02.05"]
[Round "1.1"]
[White "Sebastian Bespin, Ruben"]
[Black "Buil Rello, Jose Antonio"]
[Result "1-0"]
[WhiteElo "2185"]
[BlackElo "1955"]
[PlyCount "59"]
[EventDate "2011.02.05"]
[EventType "team-tourn"]
[EventRounds "9"]
[EventCountry "ESP"]
[SourceTitle "EXT 2013"]
[Source "ChessBase"]
[SourceDate "2012.11.22"]
[SourceVersion "1"]
[SourceVersionDate "2012.11.22"]
[SourceQuality "1"]
[WhiteTeam "Marcos Frechin"]
[BlackTeam "Jaime Casas II"]
[WhiteTeamCountry "ESP"]
[BlackTeamCountry "ESP"]

1. e4 e5 2. Nf3 d6 3. Bc4 c6 4. c3 Qc7 5. Bb3 h6 6. d3 Nd7 7. Nbd2 Nc5 8. Bc2 Bg4 9. h3 Bh5 10. Nf1 Rd8 11. g4 Bg6 12. Ng3 h5 13. Nh4 Ne6 14. Nxg6 fxg6 15. gxh5 Nf4 16. hxg6 Nxg6 17. Qg4 Qf7 18. Bb3 d5 19. exd5 Nf6 20. dxc6 Nxg4 21. Bxf7+ Kxf7 22. hxg4 Rxh1+ 23. Nxh1 bxc6 24. Ke2 Bc5 25. Ng3 Bb6 26. Bg5 Rd7 27. Rd1 Nf8 28. Be3 Ne6 29. Ne4 Ke7 30. b4 1-0

[Event "Aragon-chT"]
[Site "Aragon"]
[Date "2003.03.01"]
[Round "6"]
[White "Buil Rello, Jose Antonio"]
[Black "Baldellou Vicente, Roberto"]
[Result "1-0"]
[WhiteElo "1986"]
[BlackElo "2001"]
[PlyCount "71"]
[EventDate "2003.02.??"]
[EventType "team"]
[EventRounds "9"]
[EventCountry "ESP"]
[SourceTitle "EXT 2004"]
[Source "ChessBase"]
[SourceDate "2003.11.25"]
[SourceVersion "1"]
[SourceVersionDate "2003.11.25"]
[SourceQuality "1"]

1. e4 e6 2. d4 d5 3. Nc3 Nf6 4. Bg5 Bb4 5. e5 h6 6. Bd2 Bxc3 7. bxc3 Ne4 8. Bc1 c5 9. Bd3 Nxc3 10. Qg4 g6 11. Bd2 Ne4 12. Bxe4 dxe4 13. dxc5 Qd4 14. Rd1 Qxe5 15. Ne2 Qf5 16. Qh4 Nd7 17. 0-0 g5 18. Qg3 Rg8 19. Bc3 Qxc5 20. Bd4 Qc6 21. Be5 Qb5 22. Rxd7 Bxd7 23. c4 Qxc4 24. Nd4 Qd3 25. Qg4 Rc8 26. h3 Bc6 27. Rd1 Qc4 28. Nxc6 Qxc6 29. Rd6 Qc4 30. Qd1 Rg6 31. Kh2 Qb5 32. Bg3 Qc5 33. Rd7 Qb5 34. Rd4 Kf8 35. a4 Qc6 36. Be5 1-0